000 03788cam a22003614a 4500
999 _c115050
_d115050
003 BJBSDDR
005 20230411090715.0
007 ta
008 120322s2012 nyu b 001 0 eng
020 _a9780061994937
020 _a0061994936
040 _bspa
_cBJBSDDR
041 _aeng
050 1 4 _aTK 5105.875
_bB658t 2012
082 0 0 _a384.309
100 1 _aBlum, Andrew,
_d1977-
245 1 0 _aTubes :
_ba journey to the center of the Internet /
_cAndrew Blum.
260 _aNew York :
_bHarper Collins,
_c2012.
300 _a294 p. ;
_c24 cm.
504 _aIncludes bibliographical references (p. 273-280) and index.
505 0 _aThe map -- A network of networks -- Only connect -- The whole Internet -- Cities of light -- The longest tubes -- Where data sleeps -- Home.
520 _aWhen your Internet cable leaves your living room, where does it go? Almost everything about our day-to-day lives-- and the broader scheme of human culture--can be found on the Internet. But what is it physically? And where is it really? Our mental map of the network is as blank as the map of the ocean that Columbus carried on his first Atlantic voyage. The Internet, its material nuts and bolts, is an unexplored territory. Until now. In Tubes, journalist Andrew Blum goes inside the Internet's physical infrastructure and flips on the lights, revealing an utterly fresh look at the online world we think we know. It is a shockingly tactile realm of unmarked compounds, populated by a special caste of engineer who pieces together our networks by hand; where glass fibers pulse with light and creaky telegraph buildings, tortuously rewired, become communication hubs once again. From the room in Los Angeles where the Internet first flickered to life to the caverns beneath Manhattan where new fiber- optic cable is buried; from the coast of Portugal, where a ten-thousand-mile undersea cable just two thumbs wide connects Europe and Africa, to the wilds of the Pacific Northwest, where Google, Microsoft, and Facebook have built monumental data centers--Blum chronicles the dramatic story of the Internet's development, explains how it all works, and takes the first-ever in-depth look inside its hidden monuments. This is a book about real places on the map: their sounds and smells, their storied pasts, their physical details, and the people who live there. For all the talk of the "placelessness" of our digital age, the Internet is as fixed in real, physical spaces as the railroad or telephone. You can map it and touch it, and you can visit it. Is the Internet in fact "a series of tubes" as Ted Stevens, the late senator from Alaska, once famously described it? How can we know the Internet's possibilities if we don't know its parts? Like Tracy Kidder's classic The Soul of a New Machine or Tom Vanderbilt's recent bestseller Traffic, Tubes combines on- the-ground reporting and lucid explanation into an engaging, mind-bending narrative to help us understand the physical world that underlies our digital lives
650 0 _aInternet
_xHistory.
650 0 _aInternet
_xSocial aspects.
650 0 _aTelecommunication systems.
650 0 _aInformation technology.
650 0 _aInformation superhighway
650 4 _aInternet
_92112
_xHistoria.
650 4 _aInternet
_91316
_xAspectos sociales
650 4 _aSistemas de telecomunicación
_914699
650 0 _aTecnologías de la información
_93587
942 _2lcc
_cBK